BLACKPINK songs by release date - Statistics

General Stats
  • This quiz has been taken 266 times
  • The average score is 7 of 8
Answer Stats
Date Song % Correct
8.8.16 Whistle
98%
8.8.16 Boombayah
97%
4.4.19 Kill This Love
93%
31.10.16 Playing With Fire
90%
22.6.17 As If It's Your Last
86%
31.10.16 Stay
85%
15.6.18 Ddu-Du Ddu-Du
81%
12.11.18 Solo (Jennie)
35%
No matching quizzes found
Score Distribution
Percent of People with Each Score
Percentile by Number Answered
Your Score History
You have not taken this quiz